Detalles MARC
| 000 -LÍDER |
| Campo fijo de descripción fija |
01600cam a2200325 a 4500 |
| 001 - NÚMERO DE CONTROL |
| Campo de control |
sky239879906 |
| 003 - IDENTIFICADOR DEL NÚMERO DE CONTROL |
| Campo de control |
SKY |
| 005 - FECHA Y HORA DE LA ULTIMA TRANSACCIÓN |
| control field |
20191022091927.0 |
| 008 - ELEMENTOS DE LONGITUD FIJA -- INFORMACIÓN GENERAL |
| Campo fijo de descripción fija -- Información general |
110808t20112011ilud b 000 0 eng |
| 010 ## - NÚMERO DE CONTROL DE LA BIBLIOTECA DEL CONGRESO |
| Número de control LC |
2011032887 |
| 020 ## - NÚMERO INTERNACIONAL NORMALIZADO PARA LIBROS |
| Número Internacional Normalizado del libro |
9780830838097 |
| 040 ## - FUENTE DE CATALOGACIÓN |
| Agencia de catalogación original |
CO-MdFUSB |
| Agencia que realiza la transcripción |
CO-MdFUSB |
| Agencia que realiza la modificación |
YDX |
| -- |
CO-MdFUSB |
| -- |
YDXCP |
| -- |
BWX |
| -- |
OXF |
| -- |
MOG |
| -- |
UtOrBLW |
| -- |
SKYRV |
| -- |
UtOrBLW |
| Idioma de catalogación |
spa |
| Convenciones de la descripción |
rda |
| 041 ## - CÓDIGO DE IDIOMA |
| Código de idioma para texto/pista de sonido o título separado |
spa |
| 082 ## - NÚMERO DE CLASIFICACIÓN DECIMAL DEWEY |
| Número de la edición del Dewey |
24 |
| Número de clasificación |
G 261.85 |
| Clave de autor-Numero de item |
SH553k |
| 100 1# - ASIENTO PRINCIPAL--NOMBRE PERSONAL |
| Nombre personal |
Sherman, Amy L., |
| Fechas asociadas con el nombre |
1965- |
| Término relacionador |
autor |
| 245 10 - TÍTULO |
| Título del Material |
Kingdom calling : |
| Parte restante del título - Subtitulo |
vocational stewardship for the common good / |
| Mención de responsabilidad, etc. |
Amy L. Sherman ; foreword by Reggie McNeal ; afterword by Steven Garber. |
| 264 #1 - PRODUCCIÓN, PUBLICACIÓN, DISTRIBUCIÓN, MANUFACTURA, Y COPYRIGHT |
| Lugar de producción, publicación, distribución, manufactura |
Downers Grove, Ill. : |
| Nombre del productor, publicador, distribuidor |
IVP Books, |
| Fecha de producción, publicación, distribución, manufactura, o copyright |
[2011] |
| 264 #4 - PRODUCCIÓN, PUBLICACIÓN, DISTRIBUCIÓN, MANUFACTURA, Y COPYRIGHT |
| Fecha de producción, publicación, distribución, manufactura, o copyright |
©2011. |
| 300 ## - DESCRIPCIÓN FÍSICA |
| Extensión |
271 páginas : |
| Otros detalles físicos |
illustrations ; |
| Dimensiones |
23 cm. |
| 336 ## - TIPO DE CONTENIDO |
| Término de tipo de contenido |
texto |
| Código de tipo de contenido |
txt |
| Fuente |
rdacontent. |
| 337 ## - TIPO DE MEDIO |
| Nombre del tipo de medio |
sin mediación |
| Código del tipo de medio |
n |
| Fuente |
rdamedia. |
| 338 ## - TIPO DE SOPORTE |
| Nombre del tipo de soporte |
volumen |
| Código Tipo de soporte |
nc |
| Fuente |
rdacarrier. |
| 505 0# - NOTA DE CONTENIDO |
| Nota de contenido con formato preestablecido |
Cómo se ve una ciudad alegre?. -- ¿Cómo son los justos?. -- Por qué no somos los tsaddiqim. -- Cómo el Evangelio del reino nutre a los tsaddiqim. -- Integrando la fe y el trabajo: el statu quo es inadecuado. -- Inspiración. -- Descubrimiento. -- Formación -<br/>Desplegando el poder vocacional: cuatro caminos. -- Ruta 1: florece donde estás plantado. -- Ruta 2: dona tus habilidades. -- Ruta 3: lanza tu propia empresa social. -- Ruta 4: participa en la iniciativa específica de tu iglesia. |
| 563 ## - NOTA DE ENCUADERNACIÓN |
| Nota de encuadernación |
Rústico |
| 630 07 - TITULO UNIFORME |
| Título uniforme |
Biblia. |
| Nombre de parte o sección de la obra |
Proverbios |
| 650 #7 - ASIENTO SECUNDARIO DE MATERIA - TERMINO TEMÁTICO |
| Término temático o nombre geográfico como elemento de entrada |
Reconciliación |
| Subdivisión general |
Aspectos religiosos |
| -- |
Cristianismo |
| Fuente del encabezamiento o término |
embne |
| 9 (RLIN) |
2055 |
| 942 ## - TIPO DE MATERIAL (KOHA) |
| Tipo de Item KOHA |
Libros General |
| 945 ## - INFORMACIÓN LOCAL DEL REGISTRO |
| Catalogador |
JTF-925 |